Normal view
MARC view
- DR UMAR SHAHBAZ
Entry Personal Name
001 - CONTROL NUMBER
- control field: 72439
003 - CONTROL NUMBER IDENTIFIER
- control field: NUST
005 - DATE AND TIME OF LATEST TRANSACTION
- control field: 20210628204809.0
008 - FIXED-LENGTH DATA ELEMENTS
- fixed length control field: 210628|| aca||aabn | a|a d
040 ## - CATALOGING SOURCE
- Original cataloging agency: NUST
- Transcribing agency: NUST
100 ## - HEADING--PERSONAL NAME
- Personal name: DR UMAR SHAHBAZ
670 ## - SOURCE DATA FOUND
- Source citation: Work cat.: (NUST): ARBAB,HAMZA,ALI,ABDUL MANNAN, 72438, PR-SOF-1176-TRANSRADIAL HYBRID PROSTHETIC LIMB, 2012
